Présidents des États-Unis par images - Statistiques

Statistiques générales
  • Ce quiz a été pris 14 fois
  • Le résultat moyen est 10 sur 16
Statistiques - réponses
Par images Réponse % Correct
Abraham Lincoln
100%
Barack Obama
100%
Donald Trump
100%
Bill Clinton
92%
George H. W. Bush
85%
Richard Nixon
85%
Jimmy Carter
77%
Harry S. Truman
69%
Theodore Roosevelt
69%
Gerald Ford
62%
John Adams
46%
Herbert Hoover
38%
Calvin Coolidge
23%
James A. Garfield
23%
James Madison
15%
William McKinley
15%
Aucun quiz correspondant
Distribution des résultats
% des personnes avec chaque résultat
Percentile par nombre de réponses
Votre historique - résultats
Vous n’avez pas pris ce quiz